| 000 | 01605nam a22003491i 4500 | ||
|---|---|---|---|
| 001 | 020757894 | ||
| 003 | EG-ScBUE | ||
| 005 | 20230302052310.0 | ||
| 008 | 220907t2023 miua f 001 0 eng d | ||
| 020 | _a9780323797962 | ||
| 040 |
_aStDuBDS _beng _erda _cStDuBDS _dEG-ScBUE |
||
| 082 | 0 | 4 |
_a615.82083 _222 _bPAL |
| 100 | 1 |
_aPalisano, Robert J., _eauthor. |
|
| 245 | 1 | 0 |
_aCampbell's physical therapy for children / _cRobert J. Palisano, distinguished professor emeritus, physical therapy and rehabilitation sciences, Drexel University, Philadelphia, PA, United States, scientist, CanChild Centre for Childhood Disability Research, McMaster University, Hamilton, ON, Canada, Margo Orlin, Associate professor emerita, physical therapy and rehabilitation sciences, Drexel University, Philadelphia, PA, United States, Joseph Schreiber, professor, physical therapy program, Chatham University, Pittsburgh, PA, United States. |
| 246 | 3 | 0 | _aPhysical therapy for children |
| 250 | _aSixth edition. | ||
| 264 | 1 |
_aSt. Louis, Missouri : _bElsevier, _c[2023] |
|
| 264 | 4 | _cc2023 | |
| 300 |
_axxv, 868 pages : _billustrations (black and white, and colour) ; _c29 cm |
||
| 336 |
_atext _2rdacontent _btxt |
||
| 336 |
_astill image _2rdacontent _btxt |
||
| 337 |
_aunmediated _2rdamedia _bn |
||
| 338 |
_avolume _2rdacarrier _bnc |
||
| 500 | _aIncludes index. | ||
| 650 | 7 |
_aPhysical therapy for children. _2BUEsh |
|
| 653 |
_bNNUR _cMarch2023 |
||
| 655 | _vReading book | ||
| 700 | 1 |
_aOrlin, Margo N., _eauthor. |
|
| 700 | 1 | 0 |
_aSchreiber, Joseph, _eauthor. |
| 942 |
_2ddc _cBB |
||
| 999 |
_c30180 _d30151 |
||